000 00707nam a22001937a 4500
999 _c178561
_d178561
005 20210406162152.0
010 _aENG-129372
020 _a978-93-5388-295-2
_c1450.00
035 _aEN-112904
037 _bDBAD/PUB
082 _a327.54
245 _aIndia's Foreign Policy: Surviving in a Turbulent World/
_cEdited by Arvind Gupta and Anil Wadhwa
260 _aNew Delhi
_bSage Publication India
_c2020
270 _aB1/1-1 Mohan Cooperative Industrial Area Mathura Road
_bNew Delhi
_e110044
300 _axi+304p.
_c24cm(hbk)
_bIncluding tables, index and bibliographical references.
700 _aGupta, Arvind, Ed.
700 _aWadhwa, Anil, Ed.
942 _2ddc
_cEN
_h327.54
_mIND